000 02653cam a2200313 i 4500
003 SA-RiAUC
005 20250212095949.0
008 250212s1978 ii g f000r0cara c
040 _aSA-RiPNUNIV
_bara
_cSA-RiAUC
_erda
082 0 4 _a922.58
_qSA-RiAUC
090 _a922.58
_b ا ب ن ق
100 1 _aابن قاضي شهبة، أبو بكر بن أحمد بن محمد،
_d779-851 هجري
_eمؤلف.
245 1 0 _aطبقات الشافعية /
_cلأبي بكر بن أحمد بن محمد بن عمر بن محمد تقي الدين بن قاضي شهبة ؛ اعتنى بتصحيحه وعلق عليه ورتب فهارسه الحافظ عبد العليم خان.
250 _aالطبعة الأولى.
264 1 _aبيروت :
_bعالم الكتب
_c1978
300 _aمجلد ؛
_c24 ×17 سم.
336 _aنص
_btxt
_2rdacontent
_3كتاب
337 _aبدون وسيط
_bn
_2rdamedia
338 _aمجلد
_bnc
_2rdacarrier
490 1 _aالسلسلة الجديدة من مطبوعات دائرة المعارف العثمانية ؛
_v5
500 _aالمكتبة يتوافر بها : مجلد 1.
650 7 _aالفقهاء الشافعية
_vتراجم
_2aucsh
700 1 _aخان، الحافظ عبد العليم
_eمصحح.
830 2 _aالسلسلة الجديدة من مطبوعات دائرة المعارف العثمانية
_v5
856 _uhttp://www.alwaraq.net/Core/AlwaraqSrv/bookpage?book=292&option=1&fkey=2&page=1
_yDigital Copy
_2 نرجو الانتباه لإمكانية وجود اختلاف في الطبعة أو الناشر بين البيانات على البوابة وما ستجده على الكتاب نظرا لمحدودية المعلومات المتاحة على الموقع الناشر للمادة.
_3Please note that there may be a difference in the edition or publisher between the data on the portal and the book due to the limited information available on the publisher website for the material.
856 _uhttp://www.alwaraq.net/Core/waraq/coverpage?bookid=292&option=1
_yExternal Link
_2 نرجو الانتباه لإمكانية وجود اختلاف في الطبعة أو الناشر بين البيانات على البوابة وما ستجده على الكتاب نظرا لمحدودية المعلومات المتاحة على الموقع الناشر للمادة.
_3Please note that there may be a difference in the edition or publisher between the data on the portal and the book due to the limited information available on the publisher website for the material.
942 _2ddc
_cBOOK
_n0
949 _aSA-JeALM
_d250212
_ueid123
_n1
999 _c5864
_d5864